Jeux de mots - Homophones - 2 - Statistiques

Statistiques générales
  • Ce quiz a été pris 54 fois
  • Le résultat moyen est 7 sur 15
Statistiques - réponses
Hint Réponse % Correct
Mon premier veut dire "oui" en russe. Mon second veut dire "oui" en russe. Mon tout est le nom d'un mouvement artistique. Je suis... Dada
87%
Mon premier est un lieu de pâturage pour les vaches. Mon second est le contraire de bas. Mon tout permet de s'abriter. Je suis... Préau
81%
Mon premier indique une conditionnalité. Mon second veut dire "oui" en russe. Mon tout est une maladie autoimmune. Je suis... Sida
72%
Mon premier est un prénom américain. Mon second peut être de crocodile. Mon tout fait du bruit une fois déclenchée. Je suis... Alarme
62%
Mon premier indique ce à quoi l’on a droit. Mon second indique une négation. Mon tout désigne une colline de sable. Je suis... Dune
60%
Mon premier est le contraire de bas. Mon second, quand crié, provoque la surprise. Mon tout est un département français. Je suis.. Aube
57%
Mon premier est le contraire de bas. Mon second désigne une année en argot. Mon tout est un endroit où l'on se restaure et dort. Je suis... Auberge
53%
Mon premier est un prénom américain. Mon second est content, satisfait. Mon tout protège un matelas. Je suis... Alaise
51%
Mon premier est un lieu de pâturage pour les vaches. Mon second se donne. Mon tout se donne avant de quitter un emploi. Je suis... Préavis
47%
Mon premier est un lieu de pâturage pour les vaches. Mon second est fatigué. Mon tout est un haut dignitaire de l’Église. Je suis... Prélat
30%
Mon premier permet d'indiquer ce à quoi l’on a droit. Mon second est la conséquence d'un frottement prolongé de la peau des mains. Mon tout est relatif à un titre de noblesse française. Je suis... Ducal
21%
Mon premier veut dire "oui" en russe. Mon second est heureux. Mon tout désigne un jeune cerf. Je suis... Daguet
17%
Mon premier indique ce à quoi l’on a droit. Mon second brise. Mon tout est un chef reconnu. Je suis... Ducasse
17%
Mon premier indique une conditionnalité. Mon second est un pays africain. Mon tout est une espèce de figuier. Je suis... Sycomore
4%
Mon premier est le contraire de bas. Mon second est une île évoquée dans "Des hommes d'honneur". Mon tout est une plante à grosses feuilles persistantes et vertes, tachetées de jaune. Je suis... Aucuba
2%
Aucun quiz correspondant
Distribution des résultats
% des personnes avec chaque résultat
Percentile par nombre de réponses
Votre historique - résultats
Vous n’avez pas pris ce quiz